LEADER 00995nam a2200241 i 4500 001 000000340010 003 CaOOAMICUS 005 20200330142720.0 008 200330n it u000 u ita u 013 $a216994 040 $aSeMil$bita 100 1 $aMaritano, Livio .$0(OLS)http://semarc/name/85347 245 10$aPer una pastorale unitaria /$cdi Mons. Livio Maritano, Vescovo ausiliare di Torino. 260 $aLeumann (TO) :$bElle Di Ci,$c[1969?] 300 $a30 p. ;$c19 cm. 490 0 $aMaestri della fede [Elle Di Ci] ;$v30 650 4$aPastorale.$0(OLS)http://semarc/subject/3408 830 0$aMaestri della fede. Esperienze ;$v30.$0(OLS)http://semarc/title/420007 850 $aSeMil 852 $aSeMil$W1$xVenegono$y1$m5B III 26/46$j220860$B231170$CSeMilBibl$Z2$F231170 $81 996 $6245$aPer una pastorale unitaria$9(OLS)http://semarc/title/428928 996 $6260$aLeumann (TO) :$bElle Di Ci$9(OLS)http://semarc/publisher/29654 LEADER 01128nam a2200265 4500 001 000000347855 003 CaOOAMICUS 005 20211020094854.0 008 210915s2021 it a 000 u ita r 020 $a978-88-946219-1-4 040 $aSeMil$bita 245 00$aCorpi e cuori a tratta :$ble prostitute nigeriane in Italia. 264 1$aSerina (BG) :$bFondazione Gedama onlus,$c2021. 300 $a221 p. :$bill. ;$c24 cm 541 0 $aOmaggio mons. Mario Delpini (3M IV 294) 650 4$aProstituzione nigeriana - Italia.$0(OLS)http://semarc/subject/51046 710 2 $aFondazione Gedama onlus .$0(OLS)http://semarc/name/114826 850 $aSeMil 852 $aSeMil$W1$xVenegono$y1$m3M IV 294$j229687$B238900$CSeMilBibl$Z2$F238900 $81 941 1 $a7 961 $aOmaggio mons. Mario Delpini 996 $6020$a978-88-946219-1-4$9(OLS)http://semarc/number/294116 996 $6245$aCorpi e cuori a tratta :$ble prostitute nigeriane in Italia$9(OLS)http://semarc/title/437159 996 $6264$aSerina (BG) :$bFondazione Gedama onlus$9(OLS)http://semarc/publisher/60133